| 000 | 01115cab a22002295a 4500 | ||
|---|---|---|---|
| 001 | L148577 | ||
| 008 | 091005s2009 xxk d f 000 0 eng d | ||
| 035 | _a(Sirsi) u148577 | ||
| 041 | 0 | _aeng | |
| 100 | 1 | _aJones, Peter | |
| 245 | 0 | 0 | _aCommercial property investment companies and corporate social responsibility |
| 260 | _c2009 | ||
| 490 |
_aJournal of Property Investment and Finance _v27(5) 2009, 522-533(12) |
||
| 520 | _aAre the UK's top 10 property investment companies addressing and reporting corporate social responsibility (CSR) issues? After outlining the origins and characteristics of CSR, the investigation focuses specifically on CSR issues relating to environment, marketplace, workplace and community, reflecting on them and on CSR reporting. Finds substantial variations in the nature and the extent of CSR reporting. Table. References. | ||
| 590 | _aKA | ||
| 651 | 4 |
_aUnited Kingdom _y |
|
| 690 | _aMANAGEMENT-BUSINESS MANAGEMENT-BUSINESS ETHICS-CORPORATE SOCIAL RESPONSIBILITY | ||
| 700 | 1 | _aHillier, David | |
| 700 | 1 | _aComfort, Daphne | |
| 700 | 1 | _aClarke-Hill, Colin | |
| 942 | _n0 | ||
| 999 |
_c81888 _d81888 |
||